The globalization of adoption: individuals, states, and agencies across borders (Record no. 44737)

MARC details
000 -LEADER
fixed length control field 00715nam a2200169 a 4500
008 - FIXED-LENGTH DATA ELEMENTS--GENERAL INFORMATION
fixed length control field 190524s2016 ||||||||||||||||| || u
020 ## - INTERNATIONAL STANDARD BOOK NUMBER
International Standard Book Number 9781316604182
050 ## - LIBRARY OF CONGRESS CALL NUMBER
Classification number HV 875.5 Mcb
100 ## - MAIN ENTRY--PERSONAL NAME
Personal name McBride, Becca
245 14 - TITLE STATEMENT
Title The globalization of adoption: individuals, states, and agencies across borders
Statement of responsibility, etc. By Becca McBride
260 ## - PUBLICATION, DISTRIBUTION, ETC.
Place of publication, distribution, etc. Cambridge:
Name of publisher, distributor, etc. Cambridge University Press
Date of publication, distribution, etc. 2016
300 ## - PHYSICAL DESCRIPTION
Extent xiii, 203 pages : illustrations
350 ## - PRICE (NR) (BK AM CF MU VM SE) [OBSOLETE]
Price 32.99
650 ## - SUBJECT ADDED ENTRY--TOPICAL TERM
Topical term or geographic name entry element INTERCOUNTRY ADOPTION--HISTORY
650 ## - SUBJECT ADDED ENTRY--TOPICAL TERM
Topical term or geographic name entry element INTERCOUNTRY ADOPTION--POLITICAL ASPECTS
995 ## - RECOMMENDATION 995 [LOCAL, UNIMARC FRANCE]
-- CBU-MAIN LIBRARY (Kitwe)
-- 32.99
-- 1
-- AVAILABLE
-- Jun 6, 2019
-- Main Library Open Access Collection
Holdings
Withdrawn status Lost status Source of classification or shelving scheme Damaged status Not for loan Home library Current library Shelving location Date acquired Total Checkouts Full call number Barcode Date last seen Price effective from Koha item type
          CBU-MAIN LIBRARY, KITWE. CBU-MAIN LIBRARY, KITWE.   11/30/2022   HV 875.5 Mcb 749158 11/30/2022 11/30/2022 MONOGRAPH